La mujer de Lot /

El autor mexicano Miguel Rodríguez Puga nació en 1918 en la ciudad de Aguascalientes, pero ha pasado la mayor parte de su vida en Guadalajara. Estudió Ingeniería Civil en la Universidad Nacional Autónoma de México (UNAM) y en la Universidad Autónoma de Guadalajara (UAG) y en forma paralela a su dese...

Whakaahuatanga katoa

I tiakina i:
Ngā taipitopito rārangi puna kōrero
Kaituhi matua: Rodríguez Puga, Miguel (autor)
Hōputu: Pukapuka
Reo:Pāniora
Rangatū:(Ediciones de la Casa de la Cultura Jalisciense ; 3)
Ngā marau:
Ngā Tūtohu: Tāpirihia he Tūtohu
Kāore He Tūtohu, Me noho koe te mea tuatahi ki te tūtohu i tēnei pūkete!

MARC

LEADER 00000nam^a2200000^a^4500
001 000185769
005 20250521000000.0
009 20260310102202.093
037 |a Acervo ITESO - Biblioteca 
041 |a ESP 
082 |a 861.  |b ROD 
100 |a Rodríguez Puga, Miguel  |e (autor) 
240 1 4 |a [La mujer de Lot] 
245 1 3 |a La mujer de Lot /  |c M. Rodríguez Puga. 
264 |a Guadalajara, México :  |b Casa de la Cultura Jalisciense,  |c 1960 
336 |a texto  |b txt  |2 rdacontenido 
337 |a sin mediación  |b n  |2 rdamedio 
338 |a volumen  |b nc  |2 rdasoporte 
440 1 |a (Ediciones de la Casa de la Cultura Jalisciense ;  |v 3) 
520 |a El autor mexicano Miguel Rodríguez Puga nació en 1918 en la ciudad de Aguascalientes, pero ha pasado la mayor parte de su vida en Guadalajara. Estudió Ingeniería Civil en la Universidad Nacional Autónoma de México (UNAM) y en la Universidad Autónoma de Guadalajara (UAG) y en forma paralela a su desempeño en esta profesión, ha ejercido la docencia y desarrollado una obra literaria que comprende el libro de poemas La mujer de Lot (1960) y el volumen compendio Obra poética (1993), en el que está incluido el anterior; colaboraciones para revistas como Abside, Pan, Etcétera, Umbral, Salamandra, entre otras y traducciones del inglés, francés, alemán e italiano. El escritor de origen hidrocálido recibió en 1954 el Premio Jalisco en el área de Letras. 
649 |a XX 
650 |a Poesía Mexicana 
650 |a Literatura Mexicana -  |y Siglo XX 
910 |a Fondo General 
920 |a Impresos - Libros 
930 |a Colección General 
940 |a Literatura 
905 |a 101 
901 |a 0500126998  |b IT1  |c LIT  |u 20250521 
902 |a https://opac.biblio.iteso.mx/vufind/Record/000185769